UN Secretary Generals - Statistics

General Stats
  • This quiz has been taken 34 times
  • The average score is 5 of 10
Answer Stats
Term Secretary General Country % Correct
1992 – 1996 Boutros Boutros-Ghali Egypt
85%
1997 – 2006 Kofi Annan Ghana
85%
2007 – 2016 Ban Ki-moon South Korea
70%
1972 – 1981 Kurt Waldheim Austria
65%
1961 – 1971** U Thant Burma
65%
1953 – 1961 Dag Hammarskjöld Sweden
60%
2017 – present António Guterres Portugal
45%
1982 – 1991 Javier Pérez de Cuéllar Peru
40%
1946 – 1952 Trygve Lie Norway
30%
1945 – 1946* Gladwyn Jebb United Kingdom
0%
No matching quizzes found
Score Distribution
Percent of People with Each Score
Percentile by Number Answered
Your Score History
You have not taken this quiz